| 000 | 00358pab a2200145 454500 | ||
|---|---|---|---|
| 008 | 180718b2006 xxu||||| |||| 00| 0 eng d | ||
| 100 | _aWearne, Stephen | ||
| 245 | _aManaging unexpected urgent projects | ||
| 260 | _c2006 | ||
| 300 | _ap.97-102. | ||
| 362 | _aDec | ||
| 650 | _aProject Management | ||
| 773 | _aProject Management Journal | ||
| 909 | _a73084 | ||
| 999 |
_c73084 _d73084 |
||